000
00296nam a22001217a 4500
999
_c
14014
_d
14014
020
_a
9788125005148
082
_a
954
100
_a
Maulana Abul Kalam Azad
245
_a
India Wins Freedom the complete version
260
_a
New Delhi
_b
Orient BlackSwan
_c
2011
300
_a
283 pages
942
_c
BK